000 00472nam a2200169Ia 4500
008 230917s9999||||xx |||||||||||||| ||und||
020 _cRS 650.00
040 _e5006969
_aMAIN
041 _aEnglish
082 _a658.3 S23H
100 _aSharma, R C
245 0 _aHuman resource management: Theory and practice
260 _aNew Delhi
_bSage Texts
_c2018
300 _axxxii, 696 p.
500 _a3937 03/01/2020 PBA20/992 09/01/20 IMSAR (Dev. & Research)
942 _cBK
999 _c1192
_d1192